Paintings, drawings, and sculpture in the Amon G. Carter collection

Spremljeno u:
Bibliografski detalji
Glavni autor: Charles M Russell
Format: Knjiga
Jezik:Undetermined
Izdano: London Amon Carter Museaum of Western Art 1966
Teme:
Oznake: Dodaj oznaku
Bez oznaka, Budi prvi tko označuje ovaj zapis!
Thư viện lưu trữ: Trung tâm Học liệu Trường Đại học Cần Thơ
LEADER 00535nam a2200181Ia 4500
001 CTU_26632
008 210402s9999 xx 000 0 und d
082 |a 709.73 
082 |b R414 
100 |a Charles M Russell 
245 0 |a Paintings, drawings, and sculpture in the Amon G. Carter collection 
245 0 |c Charles M Russell 
260 |a London 
260 |b Amon Carter Museaum of Western Art 
260 |c 1966 
650 |a arts - history 
904 |i Minh, 981015 
980 |a Trung tâm Học liệu Trường Đại học Cần Thơ